01013nam a2200241 a 450000100060000000300080000600500170001400800410003102000300007203500190010204000260012104100090014708200330015610000630018924501140025226000750036630000480044165000560048965000370054594200120058299900170059495201600061159833BD-RjUL20211209080755.0161227s2008 bg ||||| |||| 00| 0 ben d a9840747061 c: TK 240.00  a(BD-RjUL)59957 aBD-RjULbbencBD-RjUL aben  223 a343.0525492 bUDB 2008  a উদ্দিন, মোঃ জেহাদ 917168510aবাংলাদেশের আয়কর আইন / cমোঃ জেহাদ উদ্দিন  aঢাকা :bবাংলা একাডেমী, c২০০৮  a৪৬৮ পৃ. ; c২১ সেমি.  aআয়কর zবাংলাদেশ 9177697 aIncome Tax zBangladesh 9178053 2ddccBK c59833d59833 00102ddc40718NFICaRUCLbRUCLcReadingd2009-08-19eBangla Academy, Dhakag240.00l0oB 343.0525492 UDB 2008r2016-12-27 00:00:00tC-1w2016-12-27yBK